La propiedad intelectual y su relación con la biotecnología y la biodiversidad /
Збережено в:
| Автор: | |
|---|---|
| Формат: | Текст |
| Теги: |
Додати тег
Немає тегів, Будьте першим, хто поставить тег для цього запису!
|
MARC
| LEADER | 00000 a a2200000 04500 | ||
|---|---|---|---|
| 001 | 48460 | ||
| 003 | |||
| 040 | |||
| 100 | |a Garon Figuls, Ricardo | ||
| 245 | |a La propiedad intelectual y su relación con la biotecnología y la biodiversidad / |c Ricardo Garon Figuls | ||
| 773 | |g volumen2, número1, (1998), páginas 16-17 | ||
| 999 | |c 39980 |d 39980 | ||
